| 000 | 00584cam a2200205 4500500 | ||
|---|---|---|---|
| 005 | 20260405003341.0 | ||
| 041 | _afre | ||
| 042 | _adc | ||
| 100 | 1 | 0 |
_aPortevin, Catherine _eauthor |
| 245 | 0 | 0 | _aLe Rapport chinois |
| 260 | _c2021. | ||
| 500 | _a46 | ||
| 690 | _aBullshit jobs | ||
| 690 | _aChine | ||
| 690 | _aDavid Graeber | ||
| 690 | _aEntreprise | ||
| 690 | _aTravail | ||
| 786 | 0 | _nPhilosophie magazine | 152 | 9 | 2021-09-01 | p. 70-71 | 1951-1787 | |
| 856 | 4 | 1 | _uhttps://shs.cairn.info/magazine-philosophie-magazine-2021-9-page-70?lang=fr&redirect-ssocas=7080 |
| 999 |
_c2066742 _d2066742 |
||